000 01243nam a2200337 i 4500
003 EG-GICUC
005 20260121101429.0
008 251204s1998 ua ||||fr|||| 000 0 ara d
017 _a99/1797
020 _a977-19-7894-2
040 _a EG-GICUC
_bara
_c EG-GICUC
_d EG-GICUC
_erda
041 _aara
082 0 4 _221
_a343.5
_bه د . إ
092 0 4 _221
099 _aLaw1 10 343.5 ه د . إ 1998
100 0 _aهدى حامد قشقوش
_eمؤلف.
245 1 2 _aالإعلانات غير المشروعة في نطاق القانون الجنائي /
_cهدى حامد قشقوش.
246 _aLes publicités illégales
264 1 _aالقاهرة:
_bدار النهضة العربية,
_c1998.
300 _a153 صفحة ؛
_c24 سم
336 _2rda content
_atext
337 _2rda media
_aComputer
338 _2rda carrier
_aOnline Resource
504 _a. 143-137ببليوجرافيا: صفحات.
546 _aالنص أغلبه باللغة العربية مع بعض النصوص الفرنسية
650 1 4 _aالقانون الجنائي الدولي
_2qrmak
651 1 _2qrmak
856 4 0 _uhttps://fll.law.cu.edu.eg/fulltext/bks/B10-05367.pdf
905 _a79
_eHassnaa
942 _2ddc
_cBK
_e21
_n0
999 _c48330
_d48330